[Event "Madrid 2019-2020 ch - Previa b"]
[Site "Madrid ESP"]
[Date "2020.02.15"]
[Round "5.15"]
[White "Sermukhamedov Minnullina, Adriana"]
[Black "Rojas Fernandez, Antonio"]
[Result "1/2-1/2"]
[WhiteElo "1220"]
[BlackElo "1409"]
[PlyCount "89"]
[EventDate "2020.02.06"]
[EventType "swiss"]
[EventRounds "9"]
[EventCountry "ESP"]
[SourceTitle "Ajedrez en Madrid"]
[Source "lmi"]
[SourceDate "2020.02.06"]
[SourceVersion "1"]
[SourceVersionDate "2020.03.02"]
[SourceQuality "1"]

1. d4 Nf6 2. Bf4 g6 3. e3 d5 4. Nf3 Bg7 5. h3 O-O 6. Nbd2 c5 7. c3 Nc6 8. Be2
Nd7 9. O-O e5 10. dxe5 Ndxe5 11. Nxe5 Nxe5 12. Nf3 Nc6 13. Qb3 Na5 14. Qc2 Be6
15. Rfd1 Qe7 16. Qa4 Nc6 17. Bb5 Rac8 18. Rac1 Rfd8 19. a3 a6 20. Bxc6 Rxc6 21.
b4 Rdc8 22. b5 axb5 23. Qxb5 Ra6 24. a4 Rca8 25. Rb1 Rxa4 26. Qxb7 Qxb7 27.
Rxb7 Bxc3 28. Rdb1 Ra1 29. Rxa1 Bxa1 30. Kf1 Rc8 31. Ke2 c4 32. Nd4 Bxd4 33.
exd4 c3 34. Kd1 c2+ 35. Kc1 Bf5 36. Rc7 Rxc7 37. Bxc7 Kf8 38. Bf4 Ke7 39. Kd2
Kd7 40. Kc3 Kc6 41. Kb4 Kb6 42. Bc1 f6 43. Ka4 h5 44. h4 Bd3 45. Kb4 1/2-1/2

[Event "Madrid 2019-2020 ch - Previa b"]
[Site "Madrid ESP"]
[Date "2020.02.15"]
[Round "5.16"]
[White "Martin Rodriguez, Jose Luis"]
[Black "Martin Hernandez, Vicente"]
[Result "0-1"]
[WhiteElo "1197"]
[BlackElo "1864"]
[PlyCount "50"]
[EventDate "2020.02.06"]
[EventType "swiss"]
[EventRounds "9"]
[EventCountry "ESP"]
[SourceTitle "Ajedrez en Madrid"]
[Source "lmi"]
[SourceDate "2020.02.06"]
[SourceVersion "1"]
[SourceVersionDate "2020.03.02"]
[SourceQuality "1"]

1. c4 e5 2. Nc3 Nf6 3. Nf3 d6 4. d4 Nbd7 5. g3 b6 6. Bg2 Bb7 7. O-O Be7 8. Re1
O-O 9. b3 c6 10. e4 Qc7 11. Nh4 g6 12. Bh6 Rfd8 13. Bf3 exd4 14. Qxd4 Ne8 15.
Qd2 Ne5 16. Be2 Bf6 17. Bg5 Qe7 18. f4 Bxg5 19. fxg5 Ng7 20. Rf1 Ne6 21. Rf6
Nd7 22. Rf2 Nxg5 23. Bg4 Ne5 24. Qf4 Nxg4 25. Qxg4 h5 0-1

[Event "Madrid 2019-2020 ch - Previa b"]
[Site "Madrid ESP"]
[Date "2020.02.15"]
[Round "5.17"]
[White "Palacios Sanchez, Victor"]
[Black "Fariñas Lucas, Juan Antonio"]
[Result "1-0"]
[WhiteElo "1652"]
[BlackElo "1448"]
[PlyCount "35"]
[EventDate "2020.02.06"]
[EventType "swiss"]
[EventRounds "9"]
[EventCountry "ESP"]
[SourceTitle "Ajedrez en Madrid"]
[Source "lmi"]
[SourceDate "2020.02.06"]
[SourceVersion "1"]
[SourceVersionDate "2020.03.02"]
[SourceQuality "1"]

1. c4 e5 2. g3 d5 3. cxd5 Qxd5 4. Nf3 Nc6 5. Nc3 Qd8 6. Bg2 Be6 7. O-O Nf6 8.
Ng5 Qd7 9. Nxe6 Qxe6 10. e3 O-O-O 11. Qa4 Bc5 12. a3 Bb6 13. b4 g5 14. Qc2 h5
15. Bb2 h4 16. Ne4 Nxe4 17. Bxe4 f6 18. Bf5 1-0

[Event "Madrid 2019-2020 ch - Previa b"]
[Site "Madrid ESP"]
[Date "2020.02.21"]
[Round "6.1"]
[White "Moreno Torrero, Javier"]
[Black "Marin Aso, Jose Luis"]
[Result "0-1"]
[WhiteElo "1918"]
[BlackElo "1906"]
[PlyCount "94"]
[EventDate "2020.02.06"]
[EventType "swiss"]
[EventRounds "9"]
[EventCountry "ESP"]
[SourceTitle "Ajedrez en Madrid"]
[Source "lmi"]
[SourceDate "2020.02.06"]
[SourceVersion "1"]
[SourceVersionDate "2020.03.02"]
[SourceQuality "1"]

1. e4 c5 2. Nf3 Nc6 3. d4 cxd4 4. Nxd4 e5 5. Nb5 d6 6. N1c3 a6 7. Na3 Be7 8.
Nd5 Nf6 9. Nxe7 Nxe7 10. Bd3 d5 11. exd5 Nexd5 12. O-O O-O 13. Re1 Re8 14. Bg5
h6 15. Bxf6 Qxf6 16. Bxa6 bxa6 17. Qxd5 Rb8 18. b3 Bb7 19. Qd3 Rbd8 20. Qg3 Qf5
21. Nc4 Qxc2 22. Nxe5 Re6 23. Qf4 Rf6 24. Qg3 Re6 25. h4 Qf5 26. Rac1 Be4 27.
Rc5 Rd5 28. Rc8+ Kh7 29. Rxe4 Rdxe5 30. Rxe5 Rxe5 31. Rc1 Re4 32. a4 a5 33. f3
Re3 34. Qb8 Qf6 35. Qb5 Re5 36. Qc4 Qe7 37. Qd3+ g6 38. Rc4 Re1+ 39. Kf2 Rh1
40. Re4 Qa7+ 41. Qd4 Qc7 42. Re8 g5 43. Qh8+ Kg6 44. Rg8+ Kf5 45. g4+ Ke6 46.
Re8+ Kd7 47. Qe5 Qc2+ 0-1

[Event "Madrid 2019-2020 ch - Previa b"]
[Site "Madrid ESP"]
[Date "2020.02.21"]
[Round "6.2"]
[White "Lopez de Turiso, Jose Angel"]
[Black "Vukotic Jovsic, Dragan"]
[Result "1-0"]
[WhiteElo "1938"]
[BlackElo "1886"]
[PlyCount "59"]
[EventDate "2020.02.06"]
[EventType "swiss"]
[EventRounds "9"]
[EventCountry "ESP"]
[SourceTitle "Ajedrez en Madrid"]
[Source "lmi"]
[SourceDate "2020.02.06"]
[SourceVersion "1"]
[SourceVersionDate "2020.03.02"]
[SourceQuality "1"]

1. c4 e6 2. e4 d5 3. cxd5 exd5 4. exd5 Nf6 5. Nc3 Nxd5 6. Nf3 Nxc3 7. bxc3 Be7
8. d4 Be6 9. Bd3 Nd7 10. O-O O-O 11. Qc2 Nf6 12. Ng5 Qd5 13. Bxh7+ Kh8 14. Nxe6
fxe6 15. Bg6 c5 16. Ba3 Bd6 17. Bxc5 Bxc5 18. dxc5 Rac8 19. Rad1 Qg5 20. Rd3
Rxc5 21. f4 Qxg6 22. Rh3+ Qh5 23. Rxh5+ Nxh5 24. g3 b6 25. Re1 Rfc8 26. Rxe6
Rxc3 27. Re8+ Rxe8 28. Qxc3 Re7 29. Qc8+ Kh7 30. Qh3 1-0

[Event "Madrid 2019-2020 ch - Previa b"]
[Site "Madrid ESP"]
[Date "2020.02.21"]
[Round "6.3"]
[White "Martin Arbeloa, Fernando"]
[Black "Martin Garcia, Luis I"]
[Result "1-0"]
[WhiteElo "1991"]
[BlackElo "1817"]
[PlyCount "99"]
[EventDate "2020.02.06"]
[EventType "swiss"]
[EventRounds "9"]
[EventCountry "ESP"]
[SourceTitle "Ajedrez en Madrid"]
[Source "lmi"]
[SourceDate "2020.02.06"]
[SourceVersion "1"]
[SourceVersionDate "2020.03.02"]
[SourceQuality "1"]

1. d4 d5 2. c4 e5 3. dxe5 d4 4. Nf3 Nc6 5. a3 Bg4 6. Nbd2 Qe7 7. h3 Bxf3 8.
Nxf3 Nxe5 9. Qxd4 Nxf3+ 10. gxf3 Nf6 11. Qe3 O-O-O 12. Qxa7 Qb4+ 13. axb4 Bxb4+
14. Bd2 Bxd2+ 15. Kd1 Be3+ 16. Kc2 Bxa7 17. Rxa7 Kb8 18. Ra3 Rd6 19. Bg2 Rhd8
20. Rha1 c6 21. Ra8+ Kc7 22. Rxd8 Rxd8 23. e3 g5 24. Ra5 h6 25. Rf5 Rd6 26. f4
gxf4 27. Rxf4 Kd8 28. Rd4 Ke7 29. Rxd6 Kxd6 30. Kc3 Nd7 31. b4 b6 32. f4 c5 33.
b5 Nf6 34. Bf3 Ke6 35. e4 Ne8 36. Bg4+ Ke7 37. e5 Ng7 38. h4 f5 39. exf6+ Kxf6
40. Kd3 h5 41. Bh3 Nf5 42. Bxf5 Kxf5 43. Ke3 Kg4 44. Ke4 Kxh4 45. f5 Kg5 46.
Ke5 h4 47. f6 Kg6 48. Ke6 h3 49. f7 h2 50. f8=Q 1-0

[Event "Madrid 2019-2020 ch - Previa b"]
[Site "Madrid ESP"]
[Date "2020.02.21"]
[Round "6.5"]
[White "Sanchez Hernandez, Alvaro"]
[Black "De la Orden Alcocer, Alejandro"]
[Result "0-1"]
[WhiteElo "1772"]
[BlackElo "2005"]
[PlyCount "84"]
[EventDate "2020.02.06"]
[EventType "swiss"]
[EventRounds "9"]
[EventCountry "ESP"]
[SourceTitle "Ajedrez en Madrid"]
[Source "lmi"]
[SourceDate "2020.02.06"]
[SourceVersion "1"]
[SourceVersionDate "2020.03.02"]
[SourceQuality "1"]

1. d4 g6 2. c4 Nf6 3. Nc3 d5 4. Nf3 Bg7 5. Qb3 dxc4 6. Qxc4 Nbd7 7. e4 Nb6 8.
Qc5 O-O 9. Be2 Bg4 10. Be3 Nfd7 11. Qg5 Bxf3 12. gxf3 e5 13. d5 Bf6 14. Qh6 Qe7
15. O-O a6 16. Rfd1 Qb4 17. Rd2 Bg7 18. Qh3 Nf6 19. a3 Qd6 20. Re1 Nh5 21. Bf1
Nd7 22. Na4 b5 23. Nc3 Nb6 24. Rc2 c5 25. dxc6 Qxc6 26. Bxb6 Qxb6 27. Nd5 Qd4
28. Qh4 Rad8 29. Ne7+ Kh8 30. Nc6 Qa4 31. Nxd8 Qxc2 32. Qe7 Kg8 33. Qd6 Qxb2
34. Nc6 Qc3 35. Re3 Qa1 36. Ne7+ Kh8 37. Qxa6 Bh6 38. Rb3 Qc1 39. Nd5 Qg5+ 40.
Bg2 Rd8 41. Qxb5 Nf4 42. Nxf4 Rd1+ 0-1

[Event "Madrid 2019-2020 ch - Previa b"]
[Site "Madrid ESP"]
[Date "2020.02.21"]
[Round "6.6"]
[White "Galarreta Santana, Javier"]
[Black "Rojas Pozo, Jose Luis"]
[Result "1/2-1/2"]
[WhiteElo "1666"]
[BlackElo "1938"]
[PlyCount "140"]
[EventDate "2020.02.06"]
[EventType "swiss"]
[EventRounds "9"]
[EventCountry "ESP"]
[SourceTitle "Ajedrez en Madrid"]
[Source "lmi"]
[SourceDate "2020.02.06"]
[SourceVersion "1"]
[SourceVersionDate "2020.03.02"]
[SourceQuality "1"]

1. e4 e5 2. Nf3 Nc6 3. d4 exd4 4. Nxd4 Nf6 5. Nc3 Bb4 6. Bg5 h6 7. Bxf6 Qxf6 8.
Ndb5 Ba5 9. Qd3 a6 10. Na3 b5 11. O-O-O Qxf2 12. Nd5 Nb4 13. Qb3 Nxd5 14. Qxd5
Qf4+ 15. Kb1 c6 16. Qc5 Bc7 17. Be2 Qe5 18. Qe3 O-O 19. Bf3 d6 20. c3 Be6 21.
Nc2 c5 22. h4 Qg3 23. e5 Rad8 24. exd6 Bxd6 25. Bb7 a5 26. Qe4 b4 27. cxb4 axb4
28. Rd3 Qf2 29. Rf3 Qxg2 30. Rhf1 Qg6 31. Qc6 Be7 32. R3f2 b3 33. axb3 Bxb3 34.
Rg2 Bxc2+ 35. Rxc2 Qxc6 36. Bxc6 Rd4 37. h5 Rh4 38. Rf5 Rd4 39. Rcf2 Bh4 40.
Re2 Rd6 41. Rxc5 f5 42. Bd5+ Kh8 43. Be6 f4 44. Rc8 Rdd8 45. Rxd8 Rxd8 46. Bf7
f3 47. Re8+ Rxe8 48. Bxe8 f2 49. Bb5 Kg8 50. Bc4+ Kf8 51. Kc2 Ke7 52. b4 Kf6
53. Be2 Kg5 54. Kd2 f1=Q 55. Bxf1 Kxh5 56. Ke3 Kg4 57. Ke4 Bf2 58. Be2+ Kg5 59.
Kf3 Bb6 60. Kg3 Bc7+ 61. Kg2 Kh4 62. Bf3 g5 63. b5 h5 64. Bc6 g4 65. Kg1 Kg3
66. Bg2 Bb6+ 67. Kh1 h4 68. Bc6 Kf2 69. Bd7 Kg3 70. Bxg4 Kxg4 1/2-1/2

[Event "Madrid 2019-2020 ch - Previa b"]
[Site "Madrid ESP"]
[Date "2020.02.21"]
[Round "6.7"]
[White "Garcia Serrano, Jose Manuel"]
[Black "Viñas Blasco, Jorge"]
[Result "0-1"]
[WhiteElo "1863"]
[BlackElo "1596"]
[PlyCount "110"]
[EventDate "2020.02.06"]
[EventType "swiss"]
[EventRounds "9"]
[EventCountry "ESP"]
[SourceTitle "Ajedrez en Madrid"]
[Source "lmi"]
[SourceDate "2020.02.06"]
[SourceVersion "1"]
[SourceVersionDate "2020.03.02"]
[SourceQuality "1"]

1. e4 e6 2. d4 d5 3. Nc3 dxe4 4. Nxe4 Bd7 5. Nf3 Bc6 6. Bd3 Nd7 7. O-O Ngf6 8.
Qe2 Be7 9. c4 Bxe4 10. Bxe4 Nxe4 11. Qxe4 c6 12. Qg4 Bf6 13. Rd1 O-O 14. d5
cxd5 15. cxd5 Nb6 16. d6 Nd5 17. Qg3 Qb6 18. Bh6 Rfd8 19. Bf4 Bxb2 20. Rxd5
Bxa1 21. Rd1 Bf6 22. h4 Rac8 23. Ng5 Qb2 24. Ne4 Rd7 25. Kh2 Rc4 26. Rd2 Rxe4
27. Rxb2 Bxb2 28. Qb3 Rxf4 29. Qb5 Rd8 30. Qg5 Rf6 31. Qc5 Rf5 32. Qxa7 Be5+
33. Kh3 b5 34. Qb6 Bf6 35. g4 Rd5 36. g5 R8xd6 37. Qb8+ Rd8 38. Qb7 Be5 39. Qe7
g6 40. Qb4 Rd3+ 41. Kg2 R8d5 42. Qe7 R3d4 43. Kh3 Rd2 44. Qa7 Bd4 45. Qa8+ Kg7
46. f3 Be5 47. f4 Bxf4 48. Kg4 e5 49. h5 gxh5+ 50. Kxh5 R5d3 51. Qa6 Rh2+ 52.
Kg4 Rg3+ 53. Kf5 Rxg5+ 54. Ke4 Rd2 55. Qxb5 f5+ 0-1

[Event "Madrid 2019-2020 ch - Previa b"]
[Site "Madrid ESP"]
[Date "2020.02.21"]
[Round "6.8"]
[White "De Dompablo Fantova, Juan"]
[Black "Santamaria Baeza, Adolfo"]
[Result "0-1"]
[WhiteElo "1664"]
[BlackElo "1857"]
[PlyCount "76"]
[EventDate "2020.02.06"]
[EventType "swiss"]
[EventRounds "9"]
[EventCountry "ESP"]
[SourceTitle "Ajedrez en Madrid"]
[Source "lmi"]
[SourceDate "2020.02.06"]
[SourceVersion "1"]
[SourceVersionDate "2020.03.02"]
[SourceQuality "1"]

1. e4 e5 2. Nf3 Nc6 3. Bc4 Bc5 4. c3 Qf6 5. d4 exd4 6. e5 Qg6 7. cxd4 Bb4+ 8.
Nc3 d5 9. Bxd5 Nge7 10. Bc4 Bg4 11. Bd3 Bxf3 12. Qxf3 Nxd4 13. Qh3 Qe6 14. Qxe6
Nxe6 15. Bd2 O-O-O 16. Be2 Nd4 17. Bg4+ Kb8 18. Rc1 Rhe8 19. Be3 Nec6 20. f4 f6
21. O-O fxe5 22. fxe5 Nxe5 23. Bxd4 Rxd4 24. Bh3 Rd2 25. a3 Bc5+ 26. Kh1 Nd3
27. Ne4 Rxe4 28. Rxc5 Nf2+ 29. Kg1 Nxh3+ 30. gxh3 b6 31. Rcf5 Rxb2 32. Rf7 Ree2
33. R1f2 Rxf2 34. Rxf2 Rxf2 35. Kxf2 c5 36. Ke3 b5 37. Ke4 b4 38. axb4 cxb4 0-1

[Event "Madrid 2019-2020 ch - Previa b"]
[Site "Madrid ESP"]
[Date "2020.02.21"]
[Round "6.9"]
[White "Rodriguez Torres, Manuel"]
[Black "Andrade Sandoval, Bianca"]
[Result "0-1"]
[WhiteElo "1595"]
[BlackElo "1966"]
[PlyCount "60"]
[EventDate "2020.02.06"]
[EventType "swiss"]
[EventRounds "9"]
[EventCountry "ESP"]
[SourceTitle "Ajedrez en Madrid"]
[Source "lmi"]
[SourceDate "2020.02.06"]
[SourceVersion "1"]
[SourceVersionDate "2020.03.02"]
[SourceQuality "1"]

1. e4 c5 2. d4 cxd4 3. c3 dxc3 4. Nxc3 Nc6 5. Nf3 a6 6. Bc4 e6 7. O-O Nge7 8.
Bg5 f6 9. Bf4 Ng6 10. Bg3 Be7 11. Nd5 O-O 12. Nc7 Ra7 13. Rc1 Nge5 14. Nxe5
fxe5 15. Nd5 exd5 16. exd5 b5 17. Bb3 Nd4 18. d6+ Kh8 19. dxe7 Qxe7 20. Bd5 d6
21. Re1 Be6 22. Bxe6 Nxe6 23. Rc6 Nd4 24. Qxd4 exd4 25. Rxe7 Rxe7 26. f3 Re6
27. Rc2 h6 28. Rd2 Rc8 29. h4 d3 30. Rxd3 Rc2 0-1

[Event "Madrid 2019-2020 ch - Previa b"]
[Site "Madrid ESP"]
[Date "2020.02.21"]
[Round "6.10"]
[White "Barragan Arriaza, Pablo"]
[Black "Cujba, Anca-Claudia"]
[Result "0-1"]
[WhiteElo "1886"]
[BlackElo "1591"]
[PlyCount "62"]
[EventDate "2020.02.06"]
[EventType "swiss"]
[EventRounds "9"]
[EventCountry "ESP"]
[SourceTitle "Ajedrez en Madrid"]
[Source "lmi"]
[SourceDate "2020.02.06"]
[SourceVersion "1"]
[SourceVersionDate "2020.03.02"]
[SourceQuality "1"]

1. d4 Nf6 2. c4 g6 3. f3 Bg7 4. e4 d6 5. Nc3 O-O 6. Bg5 c5 7. dxc5 Qa5 8. Bxf6
Bxf6 9. cxd6 Rd8 10. Qc1 Rxd6 11. a3 Nc6 12. b4 Qh5 13. Rb1 Bh4+ 14. Ke2 Nd4+
15. Ke3 Qh6+ 16. f4 e5 17. Nd5 f5 18. Ne2 fxe4 19. Nxd4 exd4+ 20. Kxd4 Be6 21.
Rb3 Rad8 22. Kxe4 Bxd5+ 23. cxd5 Qh5 24. Bc4 Re8+ 25. Kd4 Bf2+ 26. Kd3 Qf5+ 27.
Kc3 Be3 28. Qf1 Bxf4 29. g3 Re3+ 30. Kb2 Be5+ 31. Ka2 Qc2+ 0-1

[Event "Madrid 2019-2020 ch - Previa b"]
[Site "Madrid ESP"]
[Date "2020.02.21"]
[Round "6.11"]
[White "Rey Martinez, Jaime"]
[Black "Estevez Sacristan, Deva"]
[Result "1/2-1/2"]
[WhiteElo "1687"]
[BlackElo "1885"]
[PlyCount "101"]
[EventDate "2020.02.06"]
[EventType "swiss"]
[EventRounds "9"]
[EventCountry "ESP"]
[SourceTitle "Ajedrez en Madrid"]
[Source "lmi"]
[SourceDate "2020.02.06"]
[SourceVersion "1"]
[SourceVersionDate "2020.03.02"]
[SourceQuality "1"]

1. e4 e6 2. d4 d5 3. Bd3 dxe4 4. Bxe4 Nf6 5. Bf3 Nbd7 6. Ne2 e5 7. Ng3 Bd6 8.
O-O O-O 9. Nf5 e4 10. Bxe4 Nxe4 11. Qg4 g6 12. Nh6+ Kg7 13. Qxe4 f5 14. Qf3 Qh4
15. g3 Qxd4 16. Nc3 c6 17. Bg5 Ne5 18. Qe3 Qxe3 19. fxe3 Nc4 20. Rad1 Bc5 21.
Rf3 Re8 22. Re1 Be6 23. b3 Ne5 24. Rf4 Be7 25. h4 Bxg5 26. hxg5 Bd5 27. Nxd5
cxd5 28. g4 Nxg4 29. Nxg4 fxg4 30. Rxg4 Rac8 31. Re2 Re5 32. Kf2 Rf8+ 33. Ke1
Rff5 34. Ra4 a6 35. Rb4 b5 36. a4 bxa4 37. Rxa4 Re6 38. Rg4 Kf7 39. Kd2 Ke7 40.
Rh2 Kd6 41. Ra4 Kc5 42. Rxh7 Rxg5 43. Rg7 Rg2+ 44. Kd3 Kb5 45. Rb7+ Kc5 46. b4+
Kc6 47. Rxa6+ Kxb7 48. Rxe6 Rg4 49. c3 Kc7 50. Rf6 g5 51. Rg6 1/2-1/2

[Event "Madrid 2019-2020 ch - Previa b"]
[Site "Madrid ESP"]
[Date "2020.02.21"]
[Round "6.13"]
[White "Martin Hernandez, Vicente"]
[Black "Sermukhamedov Minnullina, Adriana"]
[Result "0-1"]
[WhiteElo "1864"]
[BlackElo "1220"]
[PlyCount "58"]
[EventDate "2020.02.06"]
[EventType "swiss"]
[EventRounds "9"]
[EventCountry "ESP"]
[SourceTitle "Ajedrez en Madrid"]
[Source "lmi"]
[SourceDate "2020.02.06"]
[SourceVersion "1"]
[SourceVersionDate "2020.03.02"]
[SourceQuality "1"]

1. d4 Nf6 2. c4 g6 3. Nc3 Bg7 4. e4 d6 5. f3 O-O 6. Be3 e5 7. d5 Nbd7 8. b4 Ne8
9. Bd3 f5 10. Nge2 f4 11. Bf2 g5 12. h3 h5 13. a3 Rf6 14. c5 Rg6 15. g4 fxg3
16. Nxg3 Ndf6 17. Nf5 Bxf5 18. exf5 Rh6 19. Kd2 Nd7 20. Ne4 dxc5 21. bxc5 b6
22. Bc4 Kh8 23. Ke2 Nxc5 24. Bxc5 bxc5 25. Rb1 Rb8 26. Qc2 Rhb6 27. Nxc5 Nd6
28. Ne6 Qe7 29. Bd3 e4 0-1

[Event "Madrid 2019-2020 ch - Previa b"]
[Site "Madrid ESP"]
[Date "2020.02.21"]
[Round "6.14"]
[White "Rodriguez Avila, Alvaro"]
[Black "Palacios Sanchez, Victor"]
[Result "1-0"]
[WhiteElo "1807"]
[BlackElo "1652"]
[PlyCount "41"]
[EventDate "2020.02.06"]
[EventType "swiss"]
[EventRounds "9"]
[EventCountry "ESP"]
[SourceTitle "Ajedrez en Madrid"]
[Source "lmi"]
[SourceDate "2020.02.06"]
[SourceVersion "1"]
[SourceVersionDate "2020.03.02"]
[SourceQuality "1"]

1. e4 c5 2. Nf3 e6 3. d4 cxd4 4. Nxd4 Nc6 5. Nc3 Nf6 6. Nxc6 bxc6 7. e5 Nd5 8.
Ne4 Qc7 9. f4 Qb6 10. a3 Bc5 11. c4 Ne3 12. Bxe3 Bxe3 13. Nd6+ Ke7 14. Qc2 a5
15. Bd3 Rb8 16. Rb1 Bxf4 17. c5 Qb3 18. Rf1 Bxe5 19. Rxf7+ Kd8 20. Qd2 Qd5 21.
Qxa5+ 1-0

[Event "Madrid 2019-2020 ch - Previa b"]
[Site "Madrid ESP"]
[Date "2020.02.21"]
[Round "6.15"]
[White "Rojas Fernandez, Antonio"]
[Black "Mosteiro Montoro, Alvaro"]
[Result "1/2-1/2"]
[WhiteElo "1409"]
[BlackElo "1477"]
[PlyCount "147"]
[EventDate "2020.02.06"]
[EventType "swiss"]
[EventRounds "9"]
[EventCountry "ESP"]
[SourceTitle "Ajedrez en Madrid"]
[Source "lmi"]
[SourceDate "2020.02.06"]
[SourceVersion "1"]
[SourceVersionDate "2020.03.02"]
[SourceQuality "1"]

1. e4 c5 2. Nf3 Nc6 3. d4 cxd4 4. Nxd4 e5 5. Nb5 d6 6. N1c3 a6 7. Na3 b5 8. Nd5
Nf6 9. f3 Be6 10. Be3 Bxd5 11. exd5 Ne7 12. c4 bxc4 13. Bxc4 Nf5 14. Qd3 Nxe3
15. Qxe3 Qa5+ 16. Qd2 Qxd2+ 17. Kxd2 Be7 18. Rac1 O-O 19. Rc2 Nd7 20. Rhc1 Bg5+
21. Ke2 Bxc1 22. Rxc1 Rfc8 23. Kd2 Nc5 24. b3 Nd7 25. Nc2 a5 26. a4 Nc5 27. Na3
e4 28. Nb5 exf3 29. gxf3 Ra6 30. Re1 Kf8 31. Nd4 Rb6 32. Bb5 g6 33. Re3 Na6 34.
Nc6 Nb4 35. Nxa5 Nxd5 36. Nc4 Rxc4 37. Re8+ Kg7 38. Bxc4 Nf6 39. Rd8 d5 40.
Bxd5 Nxd5 41. Rxd5 Rxb3 42. Ke2 Ra3 43. a5 Ra2+ 44. Rd2 Rxa5 45. Kf2 Kh6 46.
Rb2 Rf5 47. Rb4 Kg5 48. Rg4+ Kf6 49. Rb4 h5 50. Rb6+ Kg5 51. Rb4 Rf4 52. Rb5+
Kh4 53. Kg2 g5 54. h3 f5 55. Rb8 Rc4 56. Rb2 g4 57. hxg4 hxg4 58. fxg4 Kxg4 59.
Kf2 Re4 60. Rb3 Rf4+ 61. Kg2 Ra4 62. Rb2 Ra3 63. Rb4+ f4 64. Rb2 Rd3 65. Ra2
Rg3+ 66. Kf2 Kh3 67. Ra8 Rc3 68. Rh8+ Kg4 69. Rg8+ Kf5 70. Rf8+ Ke4 71. Re8+
Kd5 72. Rf8 Ke4 73. Re8+ Kd3 74. Rf8 1/2-1/2

[Event "Madrid 2019-2020 ch - Previa b"]
[Site "Madrid ESP"]
[Date "2020.02.21"]
[Round "6.16"]
[White "Sastre Picierro, Martin"]
[Black "Barragan Panal, Juan Jose"]
[Result "0-1"]
[WhiteElo "1413"]
[BlackElo "1661"]
[PlyCount "115"]
[EventDate "2020.02.06"]
[EventType "swiss"]
[EventRounds "9"]
[EventCountry "ESP"]
[SourceTitle "Ajedrez en Madrid"]
[Source "lmi"]
[SourceDate "2020.02.06"]
[SourceVersion "1"]
[SourceVersionDate "2020.03.02"]
[SourceQuality "1"]

1. Nf3 Nf6 2. c4 e6 3. d4 b6 4. Nc3 Bb7 5. Qc2 c5 6. e4 cxd4 7. Nxd4 Bc5 8. Be3
Nc6 9. Nxc6 Bxc6 10. e5 Bxe3 11. exf6 Bh6 12. fxg7 Bxg7 13. Bd3 h6 14. Be4 Qh4
15. Bxc6 dxc6 16. Ne4 Rd8 17. c5 bxc5 18. Nxc5 Qb4+ 19. Kf1 Rd2 20. Qc1 Qb5+
21. Kg1 Qe2 22. Qe1 Bd4 23. Ne4 Qxe1+ 24. Rxe1 Rxb2 25. h4 Rxa2 26. Rh3 Ra1 27.
Rxa1 Bxa1 28. Ra3 Bd4 29. Ra4 Bb6 30. Nd6+ Ke7 31. Nc4 Rd8 32. Ne5 Rd6 33. Rf4
f5 34. Ng6+ Kf6 35. h5 Rd4 36. Rf3 Rd1+ 37. Kh2 Rf1 38. Rc3 Bc7+ 39. f4 Bxf4+
40. g3 Bd2 41. Rxc6 a5 42. Nf8 Kf7 43. Nxe6 Re1 44. Nd4 f4 45. Nf3 Re2+ 46. Kh3
fxg3 47. Kxg3 Re3 48. Ra6 Ra3 49. Kg4 Be3 50. Ne5+ Kg7 51. Kf5 Ra4 52. Ra7+
Bxa7 53. Nc6 Be3 54. Ne5 Rh4 55. Nd3 Rxh5+ 56. Ke4 Bd2 57. Ne5 Rxe5+ 58. Kxe5
0-1

[Event "Madrid 2019-2020 ch - Previa b"]
[Site "Madrid ESP"]
[Date "2020.02.21"]
[Round "6.18"]
[White "Sastre Pavicich, Ruben A."]
[Black "Martin Rodriguez, Jose Luis"]
[Result "1-0"]
[WhiteElo "1577"]
[BlackElo "1197"]
[PlyCount "75"]
[EventDate "2020.02.06"]
[EventType "swiss"]
[EventRounds "9"]
[EventCountry "ESP"]
[SourceTitle "Ajedrez en Madrid"]
[Source "lmi"]
[SourceDate "2020.02.06"]
[SourceVersion "1"]
[SourceVersionDate "2020.03.02"]
[SourceQuality "1"]

1. d4 Nf6 2. c4 e6 3. Nc3 Bb4 4. Bd2 d5 5. e3 c5 6. cxd5 Bxc3 7. bxc3 Qxd5 8.
Nf3 c4 9. a4 a5 10. Ne5 Nbd7 11. Nxc4 Ne4 12. f3 Nef6 13. e4 Qc6 14. Qb3 b6 15.
Bd3 Ba6 16. Nb2 Bxd3 17. Nxd3 Rc8 18. O-O Qc4 19. Qb1 O-O 20. Rc1 h6 21. Nf2
Rc6 22. Qd3 Rd8 23. Qxc4 Rxc4 24. Nd1 g5 25. Nb2 Rcc8 26. h4 Nh7 27. hxg5 Nxg5
28. Kf2 e5 29. Be3 Kg7 30. Nd3 Rc4 31. Nxe5 Nxe5 32. dxe5 Rd3 33. Bd4 Ne6 34.
Ke2 Nf4+ 35. Kf1 Rd2 36. g3 Nd3 37. Rcb1 Rf2+ 38. Bxf2 1-0

[Event "Madrid 2019-2020 ch - Previa b"]
[Site "Madrid ESP"]
[Date "2020.02.21"]
[Round "6.19"]
[White "Fariñas Lucas, Juan Antonio"]
[Black "Ramirez, Luis Fernando"]
[Result "0-1"]
[WhiteElo "1448"]
[BlackElo "1718"]
[PlyCount "82"]
[EventDate "2020.02.06"]
[EventType "swiss"]
[EventRounds "9"]
[EventCountry "ESP"]
[SourceTitle "Ajedrez en Madrid"]
[Source "lmi"]
[SourceDate "2020.02.06"]
[SourceVersion "1"]
[SourceVersionDate "2020.03.02"]
[SourceQuality "1"]

1. e4 e5 2. Nf3 Nc6 3. d4 exd4 4. Nxd4 Bc5 5. Be3 Qh4 6. Nc3 Bb4 7. Bd3 Nxd4 8.
Bxd4 Nf6 9. O-O O-O 10. Qf3 Be7 11. Ne2 d6 12. h3 Be6 13. Qg3 Qxg3 14. Nxg3 Nd7
15. f4 Nc5 16. f5 Bd7 17. Rad1 Nxd3 18. Rxd3 Bb5 19. Rdf3 Bxf1 20. Kxf1 Bh4 21.
Nh5 f6 22. g3 Bg5 23. h4 Bd2 24. Rd3 Ba5 25. g4 Bb6 26. Bc3 Rae8 27. g5 Rxe4
28. gxf6 g6 29. Rg3 Rxh4 30. Ng7 Bd4 31. Ne6 Bxc3 32. Nxf8 Be5 33. Nxg6 Bxg3
34. Nxh4 Bxh4 35. Kg2 Bxf6 36. b3 Bc3 37. Kf3 Kf7 38. Kg4 Kf6 39. Kf4 h5 40. a3
a5 41. a4 Be5+ 0-1

[Event "Madrid 2019-2020 ch - Previa b"]
[Site "Madrid ESP"]
[Date "2020.02.22"]
[Round "7.1"]
[White "Moreno Torrero, Javier"]
[Black "Lopez de Turiso, Jose Angel"]
[Result "1/2-1/2"]
[WhiteElo "1918"]
[BlackElo "1938"]
[PlyCount "36"]
[EventDate "2020.02.06"]
[EventType "swiss"]
[EventRounds "9"]
[EventCountry "ESP"]
[SourceTitle "Ajedrez en Madrid"]
[Source "lmi"]
[SourceDate "2020.02.06"]
[SourceVersion "1"]
[SourceVersionDate "2020.03.02"]
[SourceQuality "1"]

1. e4 c5 2. Nf3 e6 3. d4 cxd4 4. Nxd4 a6 5. c4 Nf6 6. Nc3 Bb4 7. Bd3 Nc6 8.
Nxc6 dxc6 9. O-O e5 10. h3 Bxc3 11. bxc3 Qa5 12. Qb3 Nd7 13. Qb4 Qxb4 14. cxb4
a5 15. bxa5 Rxa5 16. Bb2 f6 17. f4 exf4 18. Rxf4 O-O 1/2-1/2